El retrato de "Manolete" : (Record no. 149535)

MARC details
000 -LEADER
campo de control de longitud fija 00681nam a2200193 i 4500
001 - NÚMERO DE CONTROL
campo de control 149535
003 - IDENTIFICADOR DE NÚMERO DE CONTROL
campo de control ES-MaACL
005 - FECHA Y HORA DE LA ÚLTIMA TRANSACCIÓN
campo de control 20250608193144.0
007 - CAMPO FIJO DE DESCRIPCIÓN FÍSICA--INFORMACIÓN GENERAL
campo de control de longitud fija t|
008 - DATOS DE LONGITUD FIJA--INFORMACIÓN GENERAL
campo de control de longitud fija 071023s1961 sp ||||1| spa d
100 1# - ENTRADA PRINCIPAL--NOMBRE DE PERSONA
Nombre de persona Vázquez Díaz, Daniel.
9 (RLIN) 113433
245 13 - MENCIÓN DEL TÍTULO
Título El retrato de "Manolete" :
Resto del título [conferencia pronunciada en el Círculo de Bellas Artes] /
Mención de responsabilidad, etc. Daniel Vázquez Díaz ; [con una presentación de Edmundo G. Acebal].
260 ## - PUBLICACIÓN, DISTRIBUCIÓN, ETC.
Lugar de publicación, distribución, etc. Madrid :
Nombre del editor, distribuidor, etc. Afrodisio Aguado,
Fecha de publicación, distribución, etc. [1961]
300 ## - DESCRIPCIÓN FÍSICA
Extensión 78 p., 4 lám. ;
Dimensiones 19 cm.
600 17 - PUNTO DE ACCESO ADICIONAL DE MATERIA--NOMBRE DE PERSONA
Nombre de persona Manolete,
Fechas asociadas al nombre 1917-1947
Fuente del encabezamiento o término
9 (RLIN) 161488
700 1# - ENTRADA AGREGADA--NOMBRE PERSONAL
Nombre de persona Acebal, Edmundo G.,
9 (RLIN) 18207
852 ## - LOCALIZACIÓN
Ubicación ES-MaACL
Número de control de estantería C-20332
Sublocalización o colección R.48313
Holdings
Estatus retirado Estado de pérdida Estado de daño No para préstamo Biblioteca de origen Biblioteca actual Ubicación en estantería Fecha de adquisición Fuente de adquisición Total de préstamos Signatura topográfica completa Código de barras Visto por última vez Precio de reemplazo Tipo de ítem Koha
        Biblioteca del Ateneo de Madrid Biblioteca del Ateneo de Madrid Galería 17/01/2008     C-20332 1156044 23/02/2023 23/02/2023 Libro impreso